Campos vectoriales

Bibliographic Details
Main Author: Marder, L
Format: Section = Libro
Language:Undetermined
Spanish
Published: México Limusa 1974
Subjects:
LEADER 00400nam a2200169Ia 4500
008 240829s9999 xx 000 0 und d
040 |a BIBLIOTECA-RUSB/ 512.5 M181 
041 |a spa 
082 |a 512.5 M181 
100 1 |a Marder, L 
245 1 0 |a Campos vectoriales 
260 |a México  |b Limusa  |c 1974 
300 |a 113 p. :il. 
650 7 |a ANALISIS VECTORIAL 
942 |c BK  |2 ddc 
991 |a TEXTO 
999 |c 1474